000 01007nam a22003137a 4500
003 CHAP
005 20220329143503.0
008 100126s1995 mx a r 00010 spa d
010 _a97383
011 _a98355
020 _a9688804746
035 _a109040
040 _cCHAP
082 0 4 _a574.192
_bB524
245 0 0 _aBioquímica
_c/por H. Robert Horton ...[et al.]
260 _aMéxico, Edo. :
_bPrentice-Hall Hispanoamericana,
_c1995
300 _a[c.a. 698] p. :
_bilus.
534 _pTít. original :
_tPrinciples of biochemistry
590 _aBATCH-UPD
_b10
_c20130110
_lUCH01
_h0945
590 _aBATCH-UPD
_b10
_c20130410
_lUCH01
_h0600
590 _aBATCH-UPD
_b10
_c20130914
_lUCH01
_h0645
590 _aBATCH-UPD
_b10
_c20190507
_lUCH01
_h1459
590 _aCONVERSION
_b10
_c20130109
_lUCH01
_h1354
650 1 4 _aBioquímica.
_912849
700 1 _aHorton, H. Robert.
_956393
901 _aBK
942 _cLIBRO
949 _a574.192 B524
_bBC
_cLIBRO
_d33724002117793
_eLIBRO
_gI.c/e
_h111703
_i109040
_si
999 _c97383
_d97383